| 000 | 00528nam a22001817a 4500 | ||
|---|---|---|---|
| 003 | CEME | ||
| 005 | 20210628203454.0 | ||
| 008 | 210119b xxu||||| |||| 00| 0 eng d | ||
| 020 | _a9788120331303 | ||
| 040 | _cceme | ||
| 082 | _a620.86 VEN | ||
| 100 |
_aVenkataraman, K _965658 |
||
| 245 | _aMaintenance engineering and managment | ||
| 260 |
_aINDIA _bPRENTICE HALL _c2007 |
||
| 300 | _aXIII,234P | ||
| 650 |
_aMAINTENANCE ENGINEERING.MAINTENANCE MANAGMENT.MAINTENANCE ENGINEERING AND MANAGMENT _965659 |
||
| 942 |
_cBK _2ddc |
||
| 999 |
_c573807 _d573807 |
||